| 000 | 00741nam a22002297a 4500 | ||
|---|---|---|---|
| 005 | 20170124110107.0 | ||
| 010 | _aA-307211 | ||
| 020 |
_c00.00 _a0710207360 |
||
| 035 | _aA-307211 | ||
| 037 | _bCen Lib/Ret | ||
| 040 |
_aDPL _bEN |
||
| 082 |
_a940 _bMCL |
||
| 100 |
_aMclynn, Frank _928428 |
||
| 245 |
_aInvansion : _cby Frank Mclynn _bfrom the Armada to Hitler, 1588-1945 / |
||
| 260 |
_aLondon _bRoutledge and Kegan Paul _c1987 |
||
| 270 |
_a11 New Fetter Lane _bLondon |
||
| 300 |
_a170p. _c21cm(Hb) |
||
| 500 | _aIncludes bibliographical references and index | ||
| 650 |
_aGreat Britain--History--Invansions _928429 |
||
| 650 |
_aGreat Britain--History, Military _928430 |
||
| 942 |
_2ddc _cEN _h940 _mMCL |
||
| 999 |
_c130145 _d130145 |
||